000 00820cam a2200277 4500
001 M76
008 090401t xxu||||| |||| 00| 0 eng d
035 _a(Sirsi) u39657
041 _aeng
050 _a333.0023
090 _aRICS 1992/32AB
110 _aRoyal Institution of Chartered Surveyors
_bJunior Organisation
_91458
245 2 _aA students guide to job seeking.
260 _aLondon
_bRICS
_c[1992]
300 _a23p. ; 30cm.
350 _a0
520 _aSUPERSEDED: Replaced by revised edition (RICS 1997/63)Published in conjunction with RICS/MSL Recruitment
650 _aABOUT RICS-RICS MEMBERS
650 _aEMPLOYMENT
650 _aGRADUATES
650 _aRECESSION
650 _aSLUMP
690 _aMANAGEMENT-BUSINESS MANAGEMENT-PROFESSIONAL PRACTICE
942 _n0
948 _c04/03/1997
999 _c90824
_d90824